| 000 | 00475nam a2200193Ia 4500 | ||
|---|---|---|---|
| 005 | 20250423095929.0 | ||
| 008 | 250422s9999 xx 000 0 und d | ||
| 020 | _a0194230716 | ||
| 050 | _aPZ 7 .M33 K56/ | ||
| 100 | _aMcbain, Ed | ||
| 245 | 0 | _aKing’s Ransom | |
| 250 | _a2nd ed. | ||
| 260 | _aOxford | ||
| 260 | _bOxford Universty Press | ||
| 260 | _c2000 | ||
| 300 | _a104 p | ||
| 650 | _aEnglish language -- Study and teaching Readers - Stage 5 | ||
| 942 | _cBK | ||
| 999 |
_c31768 _d31768 |
||